Normal view
MARC view
Entry Nombre personal
001 - NÚMERO DE CONTROL
- campo de control: 23418
003 - IDENTIFICADOR DEL NÚMERO DE CONTROL
- campo de control: BNPHU
005 - FECHA Y HORA DE LA ÚLTIMA TRANSACCIÓN
- campo de control: 20240305132924.0
008 - DATOS DE LONGITUD FIJA
- campo de control de longitud fija: 200615|| aca||aabn | a|a d
040 ## - FUENTE DE LA CATALOGACIÓN
- Centro catalogador/agencia de origen: DO-SdBNP
- Lengua de catalogación: spa
- Centro/agencia transcriptor: BNPHU
- Normas de descripción: rda
100 1# - ENCABEZAMIENTO-NOMBRE DE PERSONA
- Nombre de persona: Fernández, Pablo Armando,
- Fechas asociadas al nombre: 1930-
370 ## - LUGAR ASOCIADO
- Lugar de nacimiento: Las Tunas (Cuba : Provincia)
- País asociado: Estados Unidos
370 ## - LUGAR ASOCIADO
- Lugar de nacimiento: Estados Unidos
374 ## - OCUPACIÓN
- Ocupación: Poeta
- Ocupación: Escritor
375 ## - GÉNERO/SEXO
- Género/Sexo: Masculino
377 ## - LENGUA/LENGUAJE ASOCIADO
- Código del idioma: spa
400 1# - TRAZADO DE VÉASE--NOMBRE DE PERSONA
- Nombre de persona: Hernández, Pablo A.,
- Fechas asociadas al nombre: 1930-
670 ## - FUENTE DE DATOS ENCONTRADOS
- Cita de la fuente: Work cat.: (OSt)8633: Fernández, Pablo Armando, 1930-, El vientre del pez /, 1989.
670 ## - FUENTE DE DATOS ENCONTRADOS
- Cita de la fuente: Campo de amor y de batalla, 1984
670 ## - FUENTE DE DATOS ENCONTRADOS
- Cita de la fuente: Memorias renacidas, 2012
